MARC details
| 000 -CABECERA |
| campo de control de longitud fija |
01273nam a2200325 a 4500 |
| 001 - NÚMERO DE CONTROL |
| campo de control |
991032524919706706 |
| 003 - IDENTIFICADOR DEL NÚMERO DE CONTROL |
| campo de control |
ES-BaIT |
| 005 - FECHA Y HORA DE LA ÚLTIMA TRANSACCIÓN |
| campo de control |
20260511145008.0 |
| 008 - DATOS DE LONGITUD FIJA--INFORMACIÓN GENERAL |
| campo de control de longitud fija |
901227s1988 spca || 000 ||cat |
| 015 ## - NÚMERO DE BIBLIOGRAFÍA NACIONAL |
| Número de bibliografía nacional |
LL1990 |
| Fuente |
bnc |
| 017 ## - NÚMERO DE COPYRIGHT O DE DEPÓSITO LEGAL |
| Número de copyright o de depósito legal |
DL B. 44716-1988 |
| Agencia que asigna |
Biblioteca de Catalunya |
| 035 ## - NÚMERO DE CONTROL DEL SISTEMA |
| Número de control de sistema |
(ES-BaCBU).b18574841 |
| 040 ## - FUENTE DE LA CATALOGACIÓN |
| Centro catalogador/agencia de origen |
ES-BaBC |
| Lengua de catalogación |
cat |
| Centro/agencia transcriptor |
ES-BaBC |
| 043 ## - CÓDIGO DE ÁREA GEOGRÁFICA |
| Código de área geográfica |
e-sp--- |
| Código local GAC |
e-spcan |
| Fuente del código local |
catmarc |
| 080 ## - NÚMERO DE LA CLASIFICACIÓN DECIMAL UNIVERSAL |
| Número de la Clasificación Decimal Universal |
792-053.2(467.1 An Igualada) |
| 080 ## - NÚMERO DE LA CLASIFICACIÓN DECIMAL UNIVERSAL |
| Número de la Clasificación Decimal Universal |
79.09:792.077(460.23) |
| 100 1# - ENTRADA PRINCIPAL--NOMBRE DE PERSONA |
| Nombre de persona |
Dalmau i Ribalta, Jordi |
| 9 (RLIN) |
169470 |
| 245 10 - MENCIÓN DE TÍTULO |
| Título |
10 anys de Rialles a Igualada / |
| Mención de responsabilidad, etc. |
[Jordi Dalmau i Ribalta] |
| 260 ## - PUBLICACIÓN, DISTRIBUCIÓN, ETC. |
| Lugar de publicación, distribución, etc. |
[Igualada] : |
| Nombre del editor, distribuidor, etc. |
Grup Rialles d'Igualada de la Delegació d'Òmnium Cultural, Moviment Rialles de Catalunya, |
| Fecha de publicación, distribución, etc. |
DL 1988 |
| 300 ## - DESCRIPCIÓN FÍSICA |
| Extensión |
115 p. : |
| Otras características físicas |
il. ; |
| Dimensiones |
25 cm |
| 500 ## - NOTA GENERAL |
| Nota general |
Recull els anys de 1978 a 1987 |
| 610 24 - PUNTO DE ACCESO ADICIONAL DE MATERIA--NOMBRE DE ENTIDAD CORPORATIVA |
| Nombre de entidad corporativa o nombre de jurisdicción como elemento de entrada |
Moviment Rialles de Catalunya. |
| Unidad subordinada |
Grup Rialles d'Igualada |
| 9 (RLIN) |
169471 |
| 650 #7 - PUNTO DE ACCESO ADICIONAL DE MATERIA--TÉRMINO DE MATERIA |
| Término de materia o nombre geográfico como elemento de entrada |
Animació sociocultural |
| Subdivisión geográfica |
Catalunya |
| -- |
Igualada |
| Fuente del encabezamiento o término |
lemac |
| 9 (RLIN) |
169472 |
| 650 #7 - PUNTO DE ACCESO ADICIONAL DE MATERIA--TÉRMINO DE MATERIA |
| Término de materia o nombre geográfico como elemento de entrada |
Teatre infantil |
| Subdivisión geográfica |
Catalunya |
| -- |
Igualada |
| Fuente del encabezamiento o término |
lemac |
| 9 (RLIN) |
169473 |
| 650 #7 - PUNTO DE ACCESO ADICIONAL DE MATERIA--TÉRMINO DE MATERIA |
| Término de materia o nombre geográfico como elemento de entrada |
Teatre infantil |
| Subdivisión geográfica |
Catalunya |
| -- |
Igualada |
| Subdivisión general |
Societats, etc. |
| Fuente del encabezamiento o término |
lemac |
| 9 (RLIN) |
169474 |
| 710 2# - ENTRADA AGREGADA--NOMBRE DE ENTIDAD CORPORATIVA |
| Nombre de entidad corporativa o nombre de jurisdicción como elemento de entrada |
Moviment Rialles de Catalunya. |
| Unidad subordinada |
Grup Rialles d'Igualada |
| 9 (RLIN) |
169471 |
| 908 ## - COLOCAR PARÁMETRO DE COMANDO (RLIN) |
| Colocar parámetro de comando |
BC |
| -- |
CDMAE |
| 940 ## - EQUIVALENCIA O REFERENCIA-CRUZADA--TÍTULO UNIFORME [OBSOLETO] [solamente CAN/MARC] |
| Título uniforme |
<a href="BC">BC</a> |
| 942 ## - ELEMENTOS DE ENTRADA AGREGADA (KOHA) |
| Fuente del sistema de clasificación o colocación |
Clasificación decimal universal |
| Tipo de ítem Koha |
Llibre |